Dinosaur friends (Record no. 767229)
[ view plain ]
| 000 -LEADER | |
|---|---|
| fixed length control field | 00457nam a22001697a 4500 |
| 005 - DATE AND TIME OF LATEST TRANSACTION | |
| control field | 20240905113343.0 |
| 008 - FIXED-LENGTH DATA ELEMENTS--GENERAL INFORMATION | |
| fixed length control field | 240905b sa ||||| |||| 00| 0 eng d |
| 020 ## - INTERNATIONAL STANDARD BOOK NUMBER | |
| International Standard Book Number | <a href="9781789893038">9781789893038</a> |
| Qualifying information | (hbk) |
| 040 ## - CATALOGING SOURCE | |
| Original cataloging agency | RDA |
| Transcribing agency | 3228 |
| 041 ## - LANGUAGE CODE | |
| Language | English |
| 082 ## - DEWEY DECIMAL CLASSIFICATION NUMBER | |
| Classification number | EKF VEIT |
| 942 ## - ADDED ENTRY ELEMENTS | |
| Creator ID | 162 |
| Creator Name | Elsie Maluleke |
| Modifier ID | 162 |
| Modifier Name | Elsie Maluleke |
| 100 ## - MAIN ENTRY--PERSONAL NAME | |
| Personal name | Veitch, Catherine |
| 245 ## - TITLE STATEMENT | |
| Title | Dinosaur friends |
| 260 ## - PUBLICATION, DISTRIBUTION, ETC. | |
| Place of publication, distribution, etc. | Essex: |
| Name of publisher, distributor, etc. | Miles Kelly Publishing; |
| Date of publication, distribution, etc. | 2019. |
| 300 ## - PHYSICAL DESCRIPTION | |
| Extent | 96 Pages: |
| Other physical details | Colour illustrations; |
| Dimensions | 26.5 cm |
| 942 ## - ADDED ENTRY ELEMENTS | |
| Source of classification or shelving scheme | Dewey Decimal Classification |
| item type | Book |
| Withdrawn status | Lost status | Source of classification or shelving scheme | Damaged status | Not for loan | Home library | Current library | Date acquired | Full call number | Barcode | Date last seen | Price effective from | item type | Total Checkouts |
|---|---|---|---|---|---|---|---|---|---|---|---|---|---|
| Dewey Decimal Classification | LYDENBURG REGIONAL LIBRARY | MP Stream | 05.09.2024 | EKF VEIT | 33228031103243 | 05.09.2024 | 05.09.2024 | Book | |||||
| Dewey Decimal Classification | LYDENBURG REGIONAL LIBRARY | Mashishing Mobile Library | 28.05.2025 | EKF VEIT | 3228200024058 | 28.05.2025 | 28.05.2025 | Book |